[Event "GER-chT U12 Girls"]
[Site "Magdeburg"]
[Date "2023.12.27"]
[Round "1.6"]
[White "Lao, Theodora Siyuan"]
[Black "Sauermann, Paula"]
[Result "1-0"]
[WhiteElo "1044"]
[BlackElo "754"]
[PlyCount "109"]
[EventDate "2023.12.26"]
[EventType "team-swiss"]
[EventRounds "7"]
[EventCountry "GER"]
[SourceTitle "CB03_2024"]
[SourceDate "2024.01.17"]
[SourceVersion "1"]
[SourceVersionDate "2024.01.17"]
[SourceQuality "1"]
[WhiteTeam "Bad Homburg"]
[BlackTeam "Oberland"]
[WhiteTeamCountry "GER"]
[BlackTeamCountry "GER"]

1. e4 e5 2. Nc3 Nc6 3. g3 Bc5 4. Bg2 Nf6 5. Nge2 d6 6. 0-0 Be6 7. d3 0-0 8. Be3 Ng4 9. Bxc5 dxc5 10. Re1 Re8 11. Nd5 Bxd5 12. exd5 Ne7 13. Nc3 Nf6 14. Rxe5 Qd6 15. Qe2 Nexd5 16. Rxe8+ Rxe8 17. Qd2 Nxc3 18. Qxc3 b6 19. Re1 Rxe1+ 20. Qxe1 h6 21. a3 a5 22. Qd2 g5 23. c3 b5 24. b4 cxb4 25. cxb4 axb4 26. axb4 c5 27. bxc5 Qxc5 28. Qb2 b4 29. Qxf6 Qb5 30. Be4 b3 31. d4 b2 32. d5 b1Q+ 33. Bxb1 Qxb1+ 34. Kg2 Qe4+ 35. Qf3 Qxf3+ 36. Kxf3 Kf8 37. Ke4 Ke7 38. Ke5 f6+ 39. Kf5 h5 40. h3 h4 41. gxh4 gxh4 42. Kg4 Kd6 43. Kxh4 Kxd5 44. Kg4 Ke5 45. h4 f5+ 46. Kg5 f4 47. h5 Ke4 48. h6 f3 49. h7 Kd3 50. h8Q Ke2 51. Qb2+ Kf1 52. Kf4 Kg1 53. Kxf3 Kh2 54. Qe5+ Kh3 55. Qg3# 1-0